Statistics for Hotel California Lyrics

Click here to take the quiz!

General Stats

  • This quiz has been taken 253 times
  • The average score is 263 of 343

Answer Stats

Answer% Correct
a
98%
california
98%
i
98%
hotel
97%
the
97%
in
96%
on
96%
we
96%
to
94%
he
93%
you
93%
can
92%
place
92%
be
91%
my
91%
of
91%
highway
90%
lovely
90%
welcome
90%
dark
89%
and
88%
such
88%
up
88%
hair
87%
wind
87%
desert
86%
for
86%
her
86%
me
86%
cool
85%
had
85%
she
85%
time
85%
night
84%
at
83%
here
83%
light
83%
any
81%
it
81%
air
78%
door
78%
leave
78%
never
78%
saw
78%
there
78%
was
78%
but
77%
could
77%
distance
77%
stop
77%
face
76%
hear
76%
room
76%
say
76%
them
75%
this
75%
way
75%
find
72%
head
72%
rising
72%
said
72%
shimmering
72%
that
72%
year
72%
are
70%
grew
70%
heard
70%
heaven
70%
hell
70%
just
70%
or
70%
out
70%
plenty
70%
since
70%
smell
70%
stood
70%
through
70%
ahead
69%
dim
69%
so
69%
were
69%
check
68%
like
68%
corridor
67%
doorway
67%
heavy
67%
then
67%
they
67%
myself
66%
bell
65%
candle
65%
havent
65%
mission
65%
showed
65%
sight
65%
thought
65%
all
64%
bring
64%
spirit
64%
thinking
64%
wine
64%
lit
63%
nine
63%
voices
63%
beast
62%
cant
62%
got
62%
is
62%
sixty
62%
twisted
62%
nineteen
61%
please
61%
what
61%
before
60%
boys
60%
kill
60%
remember
60%
captain
59%
device
59%
down
59%
living
59%
own
59%
pretty
59%
warm
59%
called
58%
our
58%
your
57%
calls
56%
colitas
56%
back
55%
friends
55%
prisoners
55%
some
55%
dance
54%
forget
54%
middle
54%
mind
54%
lot
53%
man
53%
with
53%
far
52%
from
52%
ice
52%
masters
52%
nice
52%
running
52%
away
51%
chambers
51%
courtyard
51%
feast
51%
summer
51%
their
51%
wake
51%
champagne
50%
sweet
50%
stab
49%
surprise
49%
knives
48%
sweat
48%
tiffany
48%
ceiling
47%
thing
47%
last
45%
mirrors
45%
steely
45%
those
45%
passage
44%
pink
44%
programmed
44%
relax
44%
still
44%
benz
43%
calling
43%
receive
43%
alibis
42%
gathered
41%
how
33%
gotta
22%
mecedes
6%

Score Distribution

Percentile by Number Answered

Percent of People with Each Score

Your Score History

You have not taken this quiz